1887 1818 1232 1993 1077 1201 1763 1778 1721 1308 1493 1780 1571 1343 1567 2000 1503 1108 1680 1511 1493 1091 1269 1549 1560 1724 1561 1511 1867 1735 1043 1887 1552 1283 1096 1989 1506 1845 1949 1766 1250 1562 1993 1943 1927 1293 1413 1517 1175 1197 1594 1860 1266 1876 1097 1724 1130 1157 1358 1984 1779 1254 1457 1157 1571 1903 1541 1265 1467 1021 1782 1911 1030 1036 1169 1673 1296 1140 1699 1385 1653 1435 1050 1000 1841 1081 1768 1536 1060 1186 1592 1178 1787 1642 1618 1757 1315 1464 1892 BCNSPRNW ULIB Ver.6.0+V

เปลี่ยนเป็นภาษาไทย

Change to English
 แสดงรายละเอียดบรรณานุกรม
  กลับหน้าหลัก

Brief Record : Get Marc (ISO 2709) : E-mail record : QR code < ปิดหน้าต่าง
LEADER : 00000nam 2200000uu 4500
001    13399113935
003     ULIB
008    110320s||||||||th 000 0 tha d
099    วจ.WY18^bป525ก
100 0  ปัณณธร ชัชวรัตน์
245 00 การประเมินหลักสูตรพยาบาลศาสตร์บัณฑิต พ.ศ.2554/^cปัณณธร ชัชวรัตน์
260    พะเยา :^bวิทยาลัยพยาบาลบรมราชชนนี พะเยา,^c2553
300    87 หน้า :^bตาราง
500    รายงานการวิจัย
650  7 หลักสูตรพยาบาล^xการประเมิน^xวิจัย
710 2  วิทยาลัยพยาบาลบรมราชชนนี. ^bพะเยา
945    ^p0^l0^i030966
995    ทศพร
999 ^a ใช้งานได้ทุกระบบ
รายการนี้ยังไม่มีแท็ก
คุณยังไม่ได้ล็อกอิน คุณสามารถมีกิจกรรมร่วมกับเว็บไซต์ได้ แต่ต้องล็อกอินก่อน ::
  ล็อกอิน

รายการสื่อสารสนเทศ

ลำดับที่ ประเภท เลขเรียก/บาร์โค้ด สถานที่ สถานะ
1. งานวิจัย
งานวิจัย
วจ.WY18 ป525ก ฉ.1 
  Barcode: 030966
ห้องสมุดวิทยาเขตสวรรค์ประชารักษ์
►วิจัย
บนชั้น

รายการใกล้เคียง
    ผู้แต่ง [ปัณณธร ชัชวรัตน์]

BibComment


ยังไม่เคยถูกคอมเมนท์

คอมเมนท์ทรัพยากรรายการนี้
  คอมเมนท์: การประเมินหลักสูต..


 Copyright 2026. Bcnsprnw @Library